Missing Word: Actress of Thrones Quiz Stats

 Plays Quiz Updated Feb 21, 2018

Score 0/24 Timer 03:00
0 Plays Today
Hint Answer % Correct
Lena Headey (Cersei Lannister)Pride
96.1%
Lena Headey (Cersei Lannister)Book
95%
Gwendoline Christie (Brienne of Tarth)Last
93.5%
Lena Headey (Cersei Lannister)Brothers
92.6%
Gwendoline Christie (Brienne of Tarth)Awakens
90.2%
Michelle Fairley (Catelyn Stark)Deathly
90.1%
Diana Rigg (Olenna Tyrell)Service
82.7%
Diana Rigg (Olenna Tyrell)Julius
70.6%
Gwendoline Christie (Brienne of Tarth)Mockingjay
69.5%
Lena Headey (Cersei Lannister)Rise
68%
Diana Rigg (Olenna Tyrell)White
59.1%
Lena Headey (Cersei Lannister)Mrs
57.3%
Hint Answer % Correct
Lena Headey (Cersei Lannister)Remains
55.8%
Gwendoline Christie (Brienne of Tarth)Doctor
54.9%
Gwendoline Christie (Brienne of Tarth)Absolutely
50.8%
Michelle Fairley (Catelyn Stark)Anton
50.1%
Diana Rigg (Olenna Tyrell)Music
48.1%
Michelle Fairley (Catelyn Stark)Heart
47.9%
Diana Rigg (Olenna Tyrell)Under
42.6%
Michelle Fairley (Catelyn Stark)Clock
37.6%
Diana Rigg (Olenna Tyrell)Muppet
31.5%
Michelle Fairley (Catelyn Stark)Woman
29.5%
Gwendoline Christie (Brienne of Tarth)Zero
7.1%
Michelle Fairley (Catelyn Stark)Battle
5.6%

Today's Daily Dose

You're not logged in!

Compare scores with friends on all Sporcle quizzes.
OR
Log In

Sporcle TV

Today on Sporcle TV


Watch our educational content, quiz creation guides, and fun videos on Sporcle TV.

Show Comments

Extras

Top Quizzes Today


Score Distribution

Your Account Isn't Verified!

In order to create a playlist on Sporcle, you need to verify the email address you used during registration. Go to your Sporcle Settings to finish the process.

Report this User

Report this user for behavior that violates our Community Guidelines.

Details: